书目信息 |
| 题名: |
有限元素法及其在力学中的应用
|
|
| 作者: | ;中国科学技术情报研究所重庆分所 编辑 | |
| 分册: | ||
| 出版信息: | 重庆 科学技术文献出版社重庆分社 1979 |
|
| 页数: | 275页 | |
| 开本: | 26cm | |
| 丛书名: | ||
| 单 册: | ||
| 中图分类: | O302 | |
| 科图分类: | ||
| 主题词: | 有限元法-应用-力学 , 力学-有限元法-应用 | |
| 电子资源: | ||
| ISBN: | ||
| 000 | 00799nam0 2200241 45 | |
| 001 | 0179001447 | |
| 005 | 20060705165528.43 | |
| 010 | @dCNY1.75 | |
| 091 | @a13176.40 | |
| 100 | @a19950725d1979 em y0chiy0121 ea | |
| 101 | 0 | @achi |
| 102 | @aCN@b510000 | |
| 105 | @ay z 000yy | |
| 200 | 10 | @a有限元素法及其在力学中的应用@Ayou xian yuan su fa ji qi zai li xue zhong de ying yong@e译文集@f中国科学技术情报研究所重庆分所编辑 |
| 210 | @a重庆@c科学技术文献出版社重庆分社@d1979 | |
| 215 | @a275页@d26cm | |
| 300 | @a力学参考资料(十) | |
| 606 | @a有限元法-应用-力学 | |
| 606 | @a力学-有限元法-应用 | |
| 690 | @aO302@v3 | |
| 711 | 02 | @a中国科学技术情报研究所重庆分所@Azhong guo ke xue ji shu qing bao yan jiu suo chong qing fen suo@4编辑 |
| 801 | 0 | @aCN@bTSSF@c20060705 |
| 905 | @a10447@dO302@e52 | |
| 有限元素法及其在力学中的应用:译文集/中国科学技术情报研究所重庆分所编辑.-重庆:科学技术文献出版社重庆分社,1979 |
| 275页;26cm |
| 力学参考资料(十) |
| ISBN :CNY1.75 |
| ● |
| 相关链接 |
|
|
|
|
正题名:有限元素法及其在力学中的应用
索取号:O302/52
 
预约/预借
| 序号 | 登录号 | 条形码 | 馆藏地/架位号 | 状态 | 备注 |
| 1 | 0422044 | 204220440 | 密集书库/ [索取号:O302/52] | 在馆 |